| Поле | Инд. | ПП | Название | Значение |
|---|---|---|---|---|
| Тип записи | a | |||
| Библиографический уровень | a | |||
| 001 | Контрольный номер | RU/IS/BASE/262109850 | ||
| 005 | Дата корректировки | 20240110091610.1 | ||
| 084 | a | Индекс другой классификации/Индекс ББК | 81.002; 60.561.51 | |
| 090 | 00 | a | Полочн. индекс | 81я43 |
| x | Авторский знак | П 781 | ||
| 097 | 00 | a | 250 | |
| 100 | 10 | a | Автор | Дешериев Ю. Д. |
| 245 | 00 | a | Заглавие | Социолингвистика и проблемы развития общественных функций языков мира |
| 650 | 04 | a | Основная рубрика | филологические науки |
| a | Основная рубрика | языкознание | ||
| 653 | 00 | a | Ключевые слова | взаимодействие языков |
| a | Ключевые слова | дифференциация языка | ||
| a | Ключевые слова | интеграция языка | ||
| a | Ключевые слова | киргизский язык | ||
| a | Ключевые слова | общее языкознание | ||
| a | Ключевые слова | общественная жизнь | ||
| a | Ключевые слова | общественные функции языка | ||
| a | Ключевые слова | профессиональная дифференциация языка | ||
| a | Ключевые слова | развитие языка | ||
| a | Ключевые слова | социальная дифференциация | ||
| a | Ключевые слова | социолингвистика | ||
| a | Ключевые слова | СССР | ||
| a | Ключевые слова | туркменский язык | ||
| a | Ключевые слова | узбекский язык | ||
| a | Ключевые слова | функции языка | ||
| a | Ключевые слова | функционирование языка | ||
| a | Ключевые слова | языки мира | ||
| a | Ключевые слова | языковая ситуация | ||
| 700 | 10 | a | Автор | Корлэтяну Н. Г. |
| 700 | 10 | a | Автор | Филин Ф. П. |
| 773 | 00 | d | Дата издания источника | Москва, 1967 |
| g | Прочая информация | С. 107-111 | ||
| t | Заглавие источника | Проблемы языкознания | ||
| w | Контрольный № источника | RU/IS/BASE/102085341 | ||
| 901 | t | Тип документа | a |